Statistics for Countries Closest to Nigeria A-Z

Click here to take the quiz!

General Stats

  • This quiz has been taken 121 times
    (86 since last reset)
  • The average score is 21 of 24

Answer Stats

LetterCountry% Correct
CChad, Cameroon
100%
NNiger
95%
YYemen
95%
OOman
93%
ZZambia
93%
AAlgeria
92%
BBenin
92%
MMali
92%
QQatar
92%
GGhana
91%
JJordan
91%
TTogo
91%
UUganda
88%
FFrance
86%
KKenya
85%
DDjibouti
84%
HHungary
84%
LLibya
84%
RRwanda
82%
SSudan
78%
VVatican City
78%
IIvory Coast
77%
EEquatorial Guinea
74%
PPortugal
58%

Score Distribution

Percentile by Number Answered

Percent of People with Each Score

Your Score History

You have not taken this quiz since the last reset